[Event "GRE-ch U14 Girls"]
[Site "Eretria"]
[Date "2011.06.26"]
[Round "2.5"]
[White "Markaki, Sofia"]
[Black "Dalli, Eleni"]
[Result "1-0"]
[WhiteElo "1639"]
[BlackElo "1449"]
[PlyCount "58"]
[EventDate "2011.06.25"]
[EventType "swiss"]
[EventRounds "9"]
[EventCountry "GRE"]
[SourceTitle "EXT 2024"]
[Source "ChessBase"]
[SourceDate "2023.10.10"]
[SourceVersion "1"]
[SourceVersionDate "2023.10.10"]
[SourceQuality "1"]

1. e4 e5 2. Nf3 Nf6 3. Nxe5 d6 4. Nf3 Nxe4 5. d4 d5 6. Bd3 Bd6 7. 0-0 Bg4 8. Nc3 Nxc3 9. bxc3 0-0 10. Be2 Nd7 11. Rb1 b6 12. c4 c6 13. Qd3 f5 14. Ng5 Bxe2 15. Qxe2 Qe8 16. Qf3 h6 17. Nh3 Qe4 18. Qc3 c5 19. Rd1 Nf6 20. dxc5 Bxc5 21. cxd5 Rac8 22. Qb3 Kh8 23. Nf4 Rfe8 24. h3 a5 25. Bd2 Nxd5 26. Qxd5 Qxd5 27. Nxd5 Re2 28. Be3 Rxc2 29. Nxb6 Rc6 1-0

[Event "West Attica-ch U12"]
[Site "Athens"]
[Date "2009.09.10"]
[Round "5"]
[White "Tolias, Dimitrios"]
[Black "Dalli, Eleni"]
[Result "1-0"]
[WhiteElo "1005"]
[BlackElo "1005"]
[PlyCount "83"]
[EventDate "2009.09.08"]
[EventType "swiss"]
[EventRounds "7"]
[EventCountry "GRE"]
[SourceTitle "EXT 2011"]
[Source "ChessBase"]
[SourceDate "2010.11.26"]
[SourceVersion "1"]
[SourceVersionDate "2010.11.26"]
[SourceQuality "1"]

1. e4 e5 2. Nf3 Nc6 3. Nc3 Bc5 4. Bb5 a6 5. Ba4 d6 6. h3 b5 7. Bb3 Qf6 8. Nd5 Qg6 9. Rg1 Bb6 10. d3 Be6 11. Nh4 Ba5+ 12. c3 Qf6 13. Nxf6+ Nxf6 14. Bd2 Bb6 15. Bxe6 fxe6 16. Qe2 g6 17. 0-0-0 0-0 18. Be3 Ba5 19. Rgf1 b4 20. cxb4 Nxb4 21. Kb1 Rab8 22. Bd2 Nc6 23. Bxa5 Nxa5 24. Qc2 d5 25. Qxc7 Rb5 26. Qxe5 Nd7 27. Qxe6+ Rf7 28. Qxa6 Rb6 29. Qxa5 Rf8 30. Qxd5+ Rf7 31. Nf3 h6 32. Rc1 Kg7 33. Rc7 Rbf6 34. Rxd7 g5 35. Qd4 Kg6 36. Rxf7 Rxf7 37. Ne5+ Kg7 38. Nxf7+ Kxf7 39. Qd6 Kg7 40. Rc1 Kf7 41. Rc7+ Ke8 42. Qe7# 1-0

[Event "West Attica-ch U12"]
[Site "Athens"]
[Date "2009.09.09"]
[Round "3"]
[White "Dalli, Eleni"]
[Black "Tolias, Panayiotis"]
[Result "0-1"]
[WhiteElo "1005"]
[BlackElo "1000"]
[PlyCount "134"]
[EventDate "2009.09.08"]
[EventType "swiss"]
[EventRounds "7"]
[EventCountry "GRE"]
[SourceTitle "EXT 2011"]
[Source "ChessBase"]
[SourceDate "2010.11.26"]
[SourceVersion "1"]
[SourceVersionDate "2010.11.26"]
[SourceQuality "1"]

1. e4 e5 2. Nf3 Nc6 3. Bc4 Nf6 4. Ng5 d5 5. exd5 Nxd5 6. Nxf7 Kxf7 7. Qf3+ Ke8 8. Bxd5 Qf6 9. Qxf6 gxf6 10. 0-0 Nd4 11. Be4 f5 12. Bd3 e4 13. Bxe4 fxe4 14. Na3 Ne2+ 15. Kh1 Nxc1 16. Raxc1 Bxa3 17. bxa3 Bd7 18. Rfe1 Kf7 19. Rxe4 Rhe8 20. Rf4+ Kg6 21. h3 h5 22. Rb1 Bc6 23. Rb3 Rad8 24. Rg3+ Kh7 25. Rf5 Kh6 26. Rgg5 Rg8 27. Rxh5+ Kg6 28. Kh2 Bd7 29. Rfg5+ Kf6 30. Rc5 Rh8 31. Rhe5 b6 32. Rcd5 c6 33. Rxd7 Rxd7 34. Re2 Rd5 35. g4 Re5 36. g5+ Kf5 37. Rxe5+ Kxe5 38. Kg3 Kf5 39. f4 Rd8 40. Kh4 Rd4 41. Kh5 Rxf4 42. g6 Rf3 43. h4 Rg3 44. g7 Rxg7 45. Kh6 Kf6 46. Kh5 Rg1 47. d4 Ke6 48. c4 a5 49. a4 Kd6 50. a3 Ke6 51. c5 bxc5 52. dxc5 Kd5 53. Kh6 Kxc5 54. h5 Kd4 55. Kh7 c5 56. h6 c4 57. Kh8 c3 58. h7 Rh1 59. Kg7 c2 60. h8Q Rxh8 61. Kxh8 c1Q 62. Kg7 Qf4 63. Kg6 Ke5 64. Kg7 Ke6 65. Kg6 Qg4+ 66. Kh6 Kf7 67. Kh7 Qh4# 0-1

[Event "West Attica-ch U12"]
[Site "Athens"]
[Date "2009.09.08"]
[Round "1"]
[White "Dalli, Eleni"]
[Black "Semertzakis, Konstantinos"]
[Result "0-1"]
[WhiteElo "1005"]
[BlackElo "1000"]
[PlyCount "38"]
[EventDate "2009.09.08"]
[EventType "swiss"]
[EventRounds "7"]
[EventCountry "GRE"]
[SourceTitle "EXT 2011"]
[Source "ChessBase"]
[SourceDate "2010.11.26"]
[SourceVersion "1"]
[SourceVersionDate "2010.11.26"]
[SourceQuality "1"]

1. e4 e5 2. Nf3 Nc6 3. Bc4 Nf6 4. Ng5 d5 5. exd5 Na5 6. Bb3 Nxb3 7. axb3 Be7 8. c4 Bf5 9. 0-0 Bd3 10. Re1 Bd6 11. Qf3 e4 12. Qxd3 0-0 13. Qh3 Re8 14. Nc3 Bf4 15. Ngxe4 Nxe4 16. Nxe4 Bd6 17. Qf3 Kh8 18. d3 Qf6 19. Nxf6 Rxe1# 0-1

[Event "West Attica-ch U12"]
[Site "Athens"]
[Date "2009.09.08"]
[Round "2"]
[White "Zacharopoulos, Efstratios"]
[Black "Dalli, Eleni"]
[Result "1-0"]
[WhiteElo "1090"]
[BlackElo "1005"]
[PlyCount "66"]
[EventDate "2009.09.08"]
[EventType "swiss"]
[EventRounds "7"]
[EventCountry "GRE"]
[SourceTitle "EXT 2011"]
[Source "ChessBase"]
[SourceDate "2010.11.26"]
[SourceVersion "1"]
[SourceVersionDate "2010.11.26"]
[SourceQuality "1"]

1. e4 e5 2. Nf3 Nc6 3. Nc3 Bc5 4. Bc4 d6 5. d3 Bg4 6. Be3 Bb4 7. h3 Bh5 8. a3 Ba5 9. g4 Bg6 10. b4 Bb6 11. d4 Nf6 12. Qd3 h5 13. g5 Nd7 14. h4 0-0 15. d5 Ne7 16. Nd2 f5 17. gxf6 Nxf6 18. Bxb6 axb6 19. Qg3 c6 20. dxc6+ Bf7 21. cxb7 Ra7 22. Rg1 g6 23. Qg5 Nh7 24. Qxh5 Kh8 25. Qg4 Rxb7 26. Rg2 Qd7 27. Qg3 Qc6 28. Bxf7 Rxf7 29. Rc1 Ra7 30. a4 Rf6 31. Ke2 Re6 32. Rcg1 Ra8 33. h5 gxh5 1-0